| 000 | 00610nam a2200241Ia 4500 | ||
|---|---|---|---|
| 003 | OSt | ||
| 005 | 20231102120112.0 | ||
| 008 | 210324s9999||||xx |||||||||||||| ||und|| | ||
| 040 | _cSTCPL | ||
| 041 | _aENG | ||
| 082 |
_a516 _bGIL-F |
||
| 100 | _aRobinson, Gilbert De B. | ||
| 245 | 4 |
_aThe foundations of geometry / _c by Gilbert De B. Robinson |
|
| 250 | _a3rd ed. | ||
| 260 |
_a Toronto : _bThe University Of Toronto Press , _c1952 . |
||
| 300 |
_a168 p. _bHB |
||
| 650 | _aGeometry | ||
| 650 | _aPappus theorem | ||
| 650 | _aNumber | ||
| 650 | _aCoordinate systems | ||
| 942 | _cBK | ||
| 942 | _2ddc | ||
| 999 |
_c5845 _d5845 |
||